[Event "IX Floripa Chess Open Fort Atacadista"]
[Site "Florianópolis - Santa Catari"]
[Date "2023.01.26"]
[Round "5.47"]
[White "Trevisan, Rodrigo"]
[Black "Passos, Rafael Moreira"]
[Result "1/2-1/2"]
[WhiteElo "2101"]
[BlackElo "1891"]
[PlyCount "68"]
[EventDate "2023.01.23"]
[EventRounds "10"]
[EventCountry "BRA"]

1. c4 e6 2. Nc3 d5 3. d4 Nf6 4. cxd5 exd5 5. Bg5 c6 6. Qc2 Be7 7. e3 O-O 8. Bd3
Nbd7 9. Nge2 Re8 10. O-O Nf8 11. f3 g6 12. Rad1 Ne6 13. Bh4 b5 14. a3 a5 15. e4
dxe4 16. Nxe4 Nxe4 17. Bxe7 Rxe7 18. Bxe4 Bb7 19. Bxc6 Rc8 20. d5 Qb6+ 21. Kh1
Bxc6 22. dxe6 Rxe6 23. Nd4 Rd6 24. Nxc6 Rdxc6 25. Qb3 Rc2 26. Rd7 Qf6 27. Qxb5
Qxb2 28. Qd5 Qa2 29. Rd8+ Rxd8 30. Qxd8+ Kg7 31. Qxa5 Rxg2 32. Qe5+ Kg8 33.
Qe8+ Kg7 34. Qe5+ Kg8 1/2-1/2

[Event "IX Floripa Chess Open Fort Atacadista"]
[Site "Florianópolis - Santa Catari"]
[Date "2023.01.26"]
[Round "5.48"]
[White "Bail, Ellen Larissa"]
[Black "Cordeiro, Marco Aurelio Zaror"]
[Result "1/2-1/2"]
[WhiteElo "1913"]
[BlackElo "2099"]
[PlyCount "103"]
[EventDate "2023.01.23"]
[EventRounds "10"]
[EventCountry "BRA"]

1. d4 Nf6 2. Nf3 e6 3. g3 b6 4. Bg2 Bb7 5. O-O Be7 6. c4 O-O 7. Nc3 d5 8. Ne5
c5 9. Be3 Nbd7 10. Nxd7 Qxd7 11. cxd5 exd5 12. dxc5 bxc5 13. Bg5 Rfd8 14. Rc1
Rac8 15. Qa4 Bc6 16. Qh4 Rb8 17. Rc2 Rb4 18. f4 h6 19. Bxf6 Bxf6 20. Qh5 Qb7
21. b3 c4 22. bxc4 Rxc4 23. Rfc1 Qb6+ 24. Kf1 Qc5 25. Nxd5 Bxd5 26. Bxd5 Rxc2
27. Bxf7+ Kf8 28. Qxc5+ Rxc5 29. Rxc5 Kxf7 30. Rc7+ Ke6 31. Rxa7 Kd5 32. Ra4
Bd4 33. Ra3 Ke4 34. Ra6 Rb8 35. Re6+ Kf5 36. Re7 Rb2 37. h3 Rxa2 38. e3 Bf6 39.
e4+ Kg6 40. Rd7 Rh2 41. e5 Bxe5 42. fxe5 Rxh3 43. Kg2 Rh5 44. Re7 Rf5 45. g4
Rf4 46. Kg3 Rf1 47. Kg2 Rf8 48. Kg3 Rf1 49. Kg2 Ra1 50. Kf3 Ra4 51. Kg3 Ra3+
52. Kf4 1/2-1/2

[Event "IX Floripa Chess Open Fort Atacadista"]
[Site "Florianópolis - Santa Catari"]
[Date "2023.01.26"]
[Round "5.49"]
[White "De Carvalho, Vitor Augusto Ponci"]
[Black "Marques, Eudes Pinto"]
[Result "1-0"]
[WhiteElo "2097"]
[BlackElo "1882"]
[PlyCount "53"]
[EventDate "2023.01.23"]
[EventRounds "10"]
[EventCountry "BRA"]

1. e4 e5 2. Nf3 Nc6 3. Bb5 d6 4. d4 exd4 5. Qxd4 Bd7 6. Bxc6 Bxc6 7. Nc3 Nf6 8.
Bg5 Be7 9. O-O-O O-O 10. h4 Ng4 11. Nd5 Bxd5 12. exd5 Ne5 13. Kb1 f6 14. Bf4
Qd7 15. Qe4 Rfe8 16. Nd4 Bf8 17. Ne6 Ng6 18. h5 Ne7 19. Rhe1 f5 20. Qd4 c6 21.
c4 b5 22. h6 gxh6 23. Nxf8 Rxf8 24. dxc6 Nxc6 25. Qd5+ Kh8 26. cxb5 Ne7 27.
Be5+ 1-0

[Event "IX Floripa Chess Open Fort Atacadista"]
[Site "Florianópolis - Santa Catari"]
[Date "2023.01.26"]
[Round "5.50"]
[White "Kayser, Gustavo Warmling"]
[Black "Souza, Rafael Cabral De"]
[Result "0-1"]
[WhiteElo "1898"]
[BlackElo "2096"]
[PlyCount "120"]
[EventDate "2023.01.23"]
[EventRounds "10"]
[EventCountry "BRA"]

1. e4 c5 2. Nf3 e6 3. d4 cxd4 4. Nxd4 Nf6 5. Bd3 Nc6 6. Nxc6 bxc6 7. O-O d6 8.
e5 dxe5 9. Nc3 Rb8 10. Bg5 Be7 11. Bxf6 Bxf6 12. Qf3 O-O 13. Rad1 Qe7 14. b3
Qc7 15. Ne4 Be7 16. Qe3 f5 17. Nc3 e4 18. Bc4 Kh8 19. Rfe1 Bb4 20. a3 Bxa3 21.
Na4 Bd6 22. h3 c5 23. Nc3 a6 24. Qe2 Ra8 25. Nb1 Be5 26. c3 Qc6 27. Qc2 Bb7 28.
Bf1 Rad8 29. Na3 Bb8 30. Rxd8 Rxd8 31. Rd1 Rxd1 32. Qxd1 Qd6 33. Qxd6 Bxd6 34.
Bc4 Bc8 35. Kf1 g5 36. Ke2 Kg7 37. Nb1 Kf6 38. Nd2 Be5 39. Nb1 Bb7 40. b4 cxb4
41. cxb4 Bd6 42. b5 axb5 43. Bxb5 Bb4 44. g3 Ke5 45. Nd2 Bd5 46. Nc4+ Kd4 47.
Ne3 Bb3 48. h4 gxh4 49. gxh4 Be7 50. h5 Bg5 51. Ba6 Bxe3 52. fxe3+ Ke5 53. Kf2
Kf6 54. Bb5 Bd1 55. Kg3 Bxh5 56. Kh4 Bd1 57. Bc4 e5 58. Bg8 h6 59. Bd5 Bg4 60.
Kg3 Kg5 0-1

[Event "IX Floripa Chess Open Fort Atacadista"]
[Site "Florianópolis - Santa Catari"]
[Date "2023.01.26"]
[Round "5.51"]
[White "Araujo Filho, Luiz Antonio Coel"]
[Black "Martins De Aguiar, Marina"]
[Result "1-0"]
[WhiteElo "2089"]
[BlackElo "1873"]
[PlyCount "87"]
[EventDate "2023.01.23"]
[EventRounds "10"]
[EventCountry "BRA"]

1. d4 Nf6 2. Nf3 g6 3. c4 Bg7 4. Nc3 O-O 5. e4 d6 6. Be2 Nbd7 7. O-O e5 8. dxe5
dxe5 9. Qc2 c6 10. Rd1 Qc7 11. Rb1 Re8 12. b4 Nf8 13. h3 Ne6 14. Be3 Nh5 15. b5
Nhf4 16. Bf1 c5 17. Nd5 Nxd5 18. cxd5 Nd4 19. Nxd4 exd4 20. Bxd4 Bxd4 21. Rxd4
Qd6 22. Rc4 b6 23. Bd3 Qe5 24. Qd2 g5 25. Qc3 Qf4 26. Re1 Qd6 27. e5 Qd7 28.
Rg4 h6 29. Bc4 Qe7 30. Rg3 Bf5 31. d6 Qd8 32. f4 Be6 33. fxg5 hxg5 34. Bxe6
Rxe6 35. Qe3 Rg6 36. Rf1 a6 37. Qf3 Qf8 38. bxa6 Rxa6 39. e6 Ra7 40. e7 Qe8 41.
Qd5 Rd7 42. Rxg5 Rxg5 43. Qxg5+ Kh7 44. Rf6 1-0

[Event "IX Floripa Chess Open Fort Atacadista"]
[Site "Florianópolis - Santa Catari"]
[Date "2023.01.26"]
[Round "5.52"]
[White "Cruz, Natan Gomes"]
[Black "Perez, Hernan"]
[Result "1-0"]
[WhiteElo "1891"]
[BlackElo "2081"]
[PlyCount "53"]
[EventDate "2023.01.23"]
[EventRounds "10"]
[EventCountry "BRA"]

1. e4 c5 2. Nf3 d6 3. d4 cxd4 4. Nxd4 Nf6 5. Nc3 g6 6. Be3 Bg7 7. f3 O-O 8. Bc4
Nc6 9. Qd2 Bd7 10. O-O-O Rc8 11. Bb3 Ne5 12. Qe2 a6 13. g4 b5 14. Kb1 Nc4 15.
Bc1 e5 16. Nf5 gxf5 17. gxf5 Ne8 18. Rhg1 Kh8 19. Rg4 Bc6 20. Rdg1 Qe7 21. Bxc4
bxc4 22. Qxc4 Bb7 23. Qd3 Rg8 24. Qd2 Nf6 25. Qg5 Rce8 26. Rh4 Bf8 27. Rxh7+
1-0

[Event "IX Floripa Chess Open Fort Atacadista"]
[Site "Florianópolis - Santa Catari"]
[Date "2023.01.26"]
[Round "5.53"]
[White "Silva, Caio Henrique Angel"]
[Black "Correa, Joao Pedro Vieira"]
[Result "1-0"]
[WhiteElo "2081"]
[BlackElo "1865"]
[PlyCount "85"]
[EventDate "2023.01.23"]
[EventRounds "10"]
[EventCountry "BRA"]

1. d4 Nf6 2. c4 e6 3. g3 c5 4. d5 exd5 5. cxd5 d6 6. Nc3 g6 7. Bg2 Bg7 8. Nf3
O-O 9. O-O a6 10. a4 b6 11. Nd2 Nbd7 12. Nc4 Ne8 13. Bf4 Ne5 14. Bxe5 dxe5 15.
Qb3 Rb8 16. Na5 Qc7 17. Nc6 Nd6 18. Nxb8 Qxb8 19. a5 b5 20. Na4 Qc7 21. Nb6 f5
22. Rac1 e4 23. Rc2 c4 24. Qe3 Bf6 25. Rfc1 Rd8 26. b3 Qg7 27. bxc4 Bd4 28. Qg5
Bf6 29. Qd2 bxc4 30. Nxc4 Nb5 31. Nb6 Bb7 32. e3 Be5 33. Bf1 Nd6 34. Rc7 Qh6
35. Rd7 Rf8 36. Rcc7 g5 37. Rxh7 Qxh7 38. Rxh7 Kxh7 39. Nd7 Re8 40. Qb4 Nb5 41.
Bxb5 axb5 42. Qxb5 Ba8 43. Nf6+ 1-0

[Event "IX Floripa Chess Open Fort Atacadista"]
[Site "Florianópolis - Santa Catari"]
[Date "2023.01.26"]
[Round "5.54"]
[White "Medeiros, Thauane Ferreira"]
[Black "Lima, Kleyton Alcantara"]
[Result "0-1"]
[WhiteElo "1883"]
[BlackElo "2080"]
[PlyCount "46"]
[EventDate "2023.01.23"]
[EventRounds "10"]
[EventCountry "BRA"]

1. d4 Nf6 2. Nf3 e6 3. Bf4 c5 4. e3 Nc6 5. Nbd2 d5 6. c3 Bd6 7. Bd3 O-O 8. Bg3
Qe7 9. Ne5 Nd7 10. f4 f6 11. Bxh7+ Kxh7 12. Qh5+ Kg8 13. Ng6 Qe8 14. f5 Bb8 15.
Nf3 exf5 16. Kd2 Qe4 17. Qh8+ Kf7 18. Qh5 Ne7 19. Nxf8+ Kxf8 20. Raf1 Nb6 21.
b3 f4 22. exf4 Bf5 23. Re1 Qd3+ 0-1

[Event "IX Floripa Chess Open Fort Atacadista"]
[Site "Florianópolis - Santa Catari"]
[Date "2023.01.26"]
[Round "5.55"]
[White "Cantero, Rodolfo"]
[Black "Weise, William Ferreira"]
[Result "1-0"]
[WhiteElo "2070"]
[BlackElo "1856"]
[PlyCount "37"]
[EventDate "2023.01.23"]
[EventRounds "10"]
[EventCountry "BRA"]

1. e4 c5 2. Nf3 e6 3. d4 cxd4 4. Nxd4 a6 5. Bd3 Bc5 6. Be3 Nf6 7. Nxe6 Bb4+ 8.
c3 Bxc3+ 9. Nxc3 dxe6 10. O-O Nc6 11. f4 e5 12. f5 O-O 13. Rf3 Ng4 14. Bc5 Re8
15. Rg3 h5 16. h3 Qh4 17. Qe1 g5 18. hxg4 hxg4 19. Nd5 1-0

[Event "IX Floripa Chess Open Fort Atacadista"]
[Site "Florianópolis - Santa Catari"]
[Date "2023.01.26"]
[Round "5.56"]
[White "Rosa, Gabriel Redon"]
[Black "Martins, Anderson Donay"]
[Result "0-1"]
[WhiteElo "1883"]
[BlackElo "2058"]
[PlyCount "114"]
[EventDate "2023.01.23"]
[EventRounds "10"]
[EventCountry "BRA"]

1. e4 c5 2. Nf3 d6 3. d4 cxd4 4. Nxd4 Nf6 5. Nc3 a6 6. f3 e5 7. Nb3 Be6 8. Be3
Be7 9. Qd2 h5 10. O-O-O Qc7 11. g3 Nbd7 12. Nd5 Nxd5 13. exd5 Bf5 14. Bd3 Bxd3
15. Qxd3 a5 16. a4 Bf6 17. g4 hxg4 18. fxg4 Rh3 19. Rd2 Bg5 20. Re1 Rc8 21. Kb1
Rxe3 22. Rxe3 Nc5 23. Nxc5 Qxc5 24. Rh3 Bxd2 25. Qxd2 Qg1+ 26. Ka2 Qxg4 27.
Rh8+ Ke7 28. Rxc8 Qxc8 29. Qxa5 Qxc2 30. Qb4 b6 31. Qh4+ Kd7 32. Qg4+ Kc7 33.
Qh4 g5 34. Qxg5 Qxa4+ 35. Kb1 Qd1+ 36. Ka2 Qxd5+ 37. b3 Qe6 38. h4 e4 39. Qe3
Qe5 40. h5 Qa5+ 41. Kb1 Qxh5 42. Qc3+ Qc5 43. Qf6 Qg1+ 44. Ka2 Qg2+ 45. Ka3 Qf3
46. Qe7+ Kc6 47. Qe8+ Kc5 48. Qc8+ Kd4 49. Qc4+ Ke5 50. Qb5+ d5 51. Qe8+ Kd4
52. Qc6 Qc3 53. Qf6+ Kd3 54. Qf1+ Kc2 55. Qf2+ Kb1 56. Qxb6 e3 57. Qb5 e2 0-1

[Event "IX Floripa Chess Open Fort Atacadista"]
[Site "Florianópolis - Santa Catari"]
[Date "2023.01.26"]
[Round "5.57"]
[White "Souza, Atahander"]
[Black "Almeida Junior, Alvaro Alves De"]
[Result "0-1"]
[WhiteElo "1882"]
[BlackElo "2045"]
[PlyCount "44"]
[EventDate "2023.01.23"]
[EventRounds "10"]
[EventCountry "BRA"]

1. b3 d5 2. e3 e5 3. Bb2 Bd6 4. c4 c6 5. cxd5 cxd5 6. f4 exf4 7. Bb5+ Kf8 8.
exf4 Bxf4 9. Qe2 Nc6 10. Nf3 Nf6 11. O-O Bg4 12. Re1 Ne4 13. Bxc6 bxc6 14. d3
Qb6+ 15. Kf1 Bc8 16. Bd4 c5 17. Bxc5+ Qxc5 18. dxe4 dxe4 19. Nbd2 f5 20. Rac1
Qd6 21. Nc4 Ba6 22. Nxd6 Bxe2+ 0-1

[Event "IX Floripa Chess Open Fort Atacadista"]
[Site "Florianópolis - Santa Catari"]
[Date "2023.01.26"]
[Round "5.58"]
[White "Gadea, Fernando"]
[Black "Araujo, Renan Aparecido"]
[Result "0-1"]
[WhiteElo "1768"]
[BlackElo "2041"]
[PlyCount "86"]
[EventDate "2023.01.23"]
[EventRounds "10"]
[EventCountry "BRA"]

1. d4 Nf6 2. Nc3 d5 3. Bf4 a6 4. e3 e6 5. Bd3 c5 6. g4 h6 7. h4 Nc6 8. dxc5 e5
9. g5 Ng8 10. g6 f5 11. Bg3 Bxc5 12. h5 Nf6 13. Qd2 b5 14. Bh4 Be6 15. Be2 d4
16. exd4 exd4 17. Bf3 Ne5 18. Bxf6 Nxf3+ 19. Nxf3 Qxf6 20. Ne2 Rd8 21. Nf4 O-O
22. O-O-O Bxa2 23. Rhe1 Qd6 24. Nd3 Bd5 25. Nfe5 Bb6 26. f4 Rc8 27. Kb1 Rc7 28.
Rc1 a5 29. Re2 b4 30. Qe1 b3 31. c3 dxc3 32. Rxc3 Be4 33. Rxe4 fxe4 34. Qxe4
Rxc3 35. bxc3 Rd8 36. Qc4+ Qd5 37. Qa6 Bc7 38. Kb2 Bxe5 39. Nxe5 Qd2+ 40. Kxb3
Rb8+ 41. Kc4 Qe2+ 42. Nd3 Rd8 43. Qxa5 Qxd3+ 0-1

[Event "IX Floripa Chess Open Fort Atacadista"]
[Site "Florianópolis - Santa Catari"]
[Date "2023.01.26"]
[Round "5.59"]
[White "Sekula, Markley Ribas"]
[Black "Da Silva, Lucas Pereira Mende"]
[Result "0-1"]
[WhiteElo "2040"]
[BlackElo "1838"]
[PlyCount "66"]
[EventDate "2023.01.23"]
[EventRounds "10"]
[EventCountry "BRA"]

1. Nf3 Nf6 2. c4 g6 3. g3 Bg7 4. Bg2 O-O 5. O-O d6 6. d4 Nc6 7. Nc3 Bf5 8. d5
Na5 9. Nd4 Bd7 10. Qd3 c5 11. Nf3 a6 12. a4 Nb3 13. Ra3 Nxc1 14. Rxc1 Ng4 15.
Qc2 h6 16. a5 f5 17. Rca1 g5 18. Rb3 Rb8 19. h3 Ne5 20. Nxe5 Bxe5 21. Raa3 Kg7
22. Na4 Qxa5 23. Nb6 Qe1+ 24. Bf1 Be8 25. e4 f4 26. g4 Rd8 27. Kg2 Bg6 28. Be2
f3+ 29. Rxf3 Rxf3 30. Bxf3 Bd4 31. Rd3 Bxe4 32. Bxe4 Qxe4+ 33. f3 Qf4 0-1

[Event "IX Floripa Chess Open Fort Atacadista"]
[Site "Florianópolis - Santa Catari"]
[Date "2023.01.26"]
[Round "5.60"]
[White "Raimundo, Airton Carlos Nunes"]
[Black "Gatelli, Jacson Henrique"]
[Result "0-1"]
[WhiteElo "2023"]
[BlackElo "1820"]
[PlyCount "104"]
[EventDate "2023.01.23"]
[EventRounds "10"]
[EventCountry "BRA"]

1. e4 e5 2. Nf3 Nc6 3. Bc4 Bc5 4. c3 Nf6 5. d3 h6 6. O-O d6 7. h3 O-O 8. Re1 a6
9. Bb3 Bb6 10. Nbd2 Be6 11. Bc2 Ne7 12. d4 Ng6 13. Nf1 Re8 14. Ng3 c6 15. Be3
Qc7 16. Qd2 Rad8 17. Nf5 Bxf5 18. exf5 Nf8 19. Bxh6 N8h7 20. Be3 e4 21. Ng5 Qd7
22. g4 d5 23. Nxh7 Kxh7 24. Bd1 g6 25. fxg6+ fxg6 26. Kg2 Bc7 27. Bf4 Rf8 28.
Bxc7 Qxc7 29. Qe3 Rd7 30. Be2 Rdf7 31. Rh1 Kg7 32. Raf1 Qe7 33. h4 Qe6 34. Qg3
Nd7 35. f4 exf3+ 36. Bxf3 Qe3 37. g5 c5 38. Qf2 Rxf3 39. Qxf3 Rxf3 40. Rxf3 Qe4
41. Kg3 cxd4 42. cxd4 Qxd4 43. Rhf1 Qe5+ 44. Kg2 Qe6 45. Kg3 d4 46. b4 Ne5 47.
Rf4 d3 48. Re1 d2 49. Rd1 Qd5 50. Rf2 Nc4 51. a3 Qd3+ 52. Kh2 Qc2 0-1

[Event "IX Floripa Chess Open Fort Atacadista"]
[Site "Florianópolis - Santa Catari"]
[Date "2023.01.26"]
[Round "5.61"]
[White "De Paula, Luan Araujo"]
[Black "Lutz, Igor Oscar"]
[Result "1/2-1/2"]
[WhiteElo "1747"]
[BlackElo "2022"]
[PlyCount "84"]
[EventDate "2023.01.23"]
[EventRounds "10"]
[EventCountry "BRA"]

1. e4 c5 2. Nf3 Nc6 3. d4 cxd4 4. Nxd4 Nf6 5. Nc3 d6 6. Bg5 e6 7. Qd2 Be7 8.
O-O-O Qa5 9. Bb5 Bd7 10. Nb3 Qc7 11. f4 a6 12. Bxc6 Bxc6 13. Rhe1 O-O-O 14. Nd4
h6 15. Bxf6 Bxf6 16. Kb1 d5 17. e5 Be7 18. Nxc6 Qxc6 19. Ne2 Qb6 20. Nd4 Kb8
21. c3 Rc8 22. Qc2 Rc4 23. Qb3 Qc7 24. f5 Bc5 25. fxe6 Bxd4 26. cxd4 fxe6 27.
Rc1 Rc8 28. Rxc4 Qxc4 29. Qxc4 dxc4 30. Rf1 b5 31. Rf7 Rc7 32. Rf8+ Kb7 33. Re8
Rd7 34. Rxe6 Rxd4 35. Re7+ Kc6 36. Rxg7 Kd5 37. Rg6 Kxe5 38. Rxh6 Rd2 39. Rxa6
Rxg2 40. Ra5 Rxh2 41. Rxb5+ Kd4 42. a4 c3 1/2-1/2

[Event "IX Floripa Chess Open Fort Atacadista"]
[Site "Florianópolis - Santa Catari"]
[Date "2023.01.26"]
[Round "5.62"]
[White "Goncalves, Nata"]
[Black "Encina, Adrian Andres"]
[Result "1/2-1/2"]
[WhiteElo "2013"]
[BlackElo "1787"]
[PlyCount "48"]
[EventDate "2023.01.23"]
[EventRounds "10"]
[EventCountry "BRA"]

1. d4 Nf6 2. c4 e6 3. Nf3 d5 4. Nc3 c6 5. e3 Nbd7 6. Be2 dxc4 7. Bxc4 b5 8. Bd3
Bd6 9. Qc2 Bb7 10. Ne4 Nxe4 11. Bxe4 Rc8 12. Bd2 a6 13. b4 Qe7 14. a3 h6 15.
O-O Bb8 16. Bc3 f5 17. Bd3 c5 18. dxc5 Bxf3 19. gxf3 Bxh2+ 20. Kxh2 Qh4+ 21.
Kg2 Qg5+ 22. Kh2 Qh4+ 23. Kg2 Qg5+ 24. Kh2 Qh4+ 1/2-1/2

[Event "IX Floripa Chess Open Fort Atacadista"]
[Site "Florianópolis - Santa Catari"]
[Date "2023.01.26"]
[Round "5.63"]
[White "Ferreira, Andrei Dias"]
[Black "Da Silva, Daniel Pereira"]
[Result "1-0"]
[WhiteElo "2011"]
[BlackElo "1775"]
[PlyCount "61"]
[EventDate "2023.01.23"]
[EventRounds "10"]
[EventCountry "BRA"]

1. e4 c5 2. Nf3 e6 3. d4 cxd4 4. Nxd4 Nc6 5. Nc3 Qc7 6. f4 a6 7. Nxc6 Qxc6 8.
Bd3 b5 9. Qe2 Bb7 10. Bd2 Bc5 11. a3 Ne7 12. O-O-O Rc8 13. g4 d5 14. exd5 Nxd5
15. Nxd5 Qxd5 16. Kb1 Qf3 17. Qe5 Qxg4 18. h3 Qg3 19. Be1 Qg2 20. Bb4 Be7 21.
Rhg1 Bf6 22. Qe3 Qc6 23. f5 e5 24. Rge1 a5 25. Qxe5+ Bxe5 26. Rxe5+ Qe6 27.
fxe6 axb4 28. Bxb5+ Ke7 29. Rd7+ Kf6 30. Re1 Bg2 31. Rxf7+ 1-0

[Event "IX Floripa Chess Open Fort Atacadista"]
[Site "Florianópolis - Santa Catari"]
[Date "2023.01.26"]
[Round "5.64"]
[White "Cardoso, Leandro Ubialli"]
[Black "Urquiza, Marcello De Albuque"]
[Result "1-0"]
[WhiteElo "1732"]
[BlackElo "2007"]
[PlyCount "119"]
[EventDate "2023.01.23"]
[EventRounds "10"]
[EventCountry "BRA"]

1. e4 c5 2. Nf3 e6 3. d4 cxd4 4. Nxd4 a6 5. Nc3 Qc7 6. Bd3 b5 7. O-O Nf6 8. Bg5
Be7 9. Qe2 d6 10. Kh1 Nbd7 11. Rae1 Bb7 12. f4 Nc5 13. e5 dxe5 14. fxe5 Nxd3
15. Qxd3 Nd5 16. Ne4 Nb4 17. Qf3 Bc5 18. Nd6+ Bxd6 19. exd6 Bxf3 20. dxc7 Bd5
21. a3 Nc6 22. Nxc6 Bxc6 23. Rd1 f6 24. Be3 Ke7 25. Bc5+ Kf7 26. Rd6 Bd5 27. b3
Rhe8 28. Rd1 Re7 29. Bb6 Rc8 30. Rd8 Bb7 31. c4 Re8 32. c5 Bd5 33. b4 Rg8 34.
Kg1 Re8 35. Kf2 Ke7 36. Re1 Kf7 37. Rd1 Ke7 38. g3 Kf7 39. Ke3 Ke7 40. Kd4 Bc6
41. Kc3 Bd5 42. Kb2 Kf7 43. Rd7+ Re7 44. Rd8 Re8 45. a4 Ke7 46. Re1 Kf7 47.
axb5 axb5 48. Ra1 Bc6 49. Ra6 Bb7 50. Ra7 Bc6 51. Rd6 Bd5 52. Kc3 Ke7 53. Kd4
Bg2 54. Ra5 Bf1 55. Rd8 e5+ 56. Ke3 Bc4 57. Ra6 Be6 58. Ra5 Bc4 59. Ra6 Be6 60.
Ba5 1-0

[Event "IX Floripa Chess Open Fort Atacadista"]
[Site "Florianópolis - Santa Catari"]
[Date "2023.01.26"]
[Round "5.65"]
[White "Ramirez, Maria Eugenia"]
[Black "Silverio, Vitor Luis De Jesus"]
[Result "1-0"]
[WhiteElo "2007"]
[BlackElo "1682"]
[PlyCount "131"]
[EventDate "2023.01.23"]
[EventRounds "10"]
[EventCountry "BRA"]

1. e4 c5 2. Na3 Nc6 3. Nf3 Nf6 4. Qe2 d6 5. c3 Bg4 6. h3 Bh5 7. Nc2 e6 8. d3
Ne5 9. d4 Nxf3+ 10. gxf3 a6 11. Bg5 Be7 12. Rg1 h6 13. Bf4 Qb6 14. O-O-O O-O-O
15. Ne3 cxd4 16. Rxd4 g5 17. Nc4 Qc7 18. Be3 d5 19. exd5 Nxd5 20. Kb1 Bf6 21.
Rd2 Kb8 22. Bd4 Bxd4 23. Rxd4 Nf4 24. Qe3 Rxd4 25. cxd4 Rd8 26. h4 f6 27. Nd2
Bg6+ 28. Ne4 Qd7 29. Qb3 Qxd4 30. Bxa6 Bxe4+ 31. fxe4 Qxe4+ 32. Ka1 Rc8 33. a3
Qd5 34. Qb4 e5 35. hxg5 fxg5 36. Re1 Nd3 37. Bxd3 Qxd3 38. Rxe5 Rc1+ 39. Ka2
Qc4+ 40. Qxc4 Rxc4 41. Re8+ Ka7 42. Rh8 Rc6 43. a4 Kb6 44. Rh7 Rf6 45. Ka3 Kc5
46. b4+ Kc6 47. a5 Rf3+ 48. Ka4 Rxf2 49. Rxh6+ Kc7 50. Rh7+ Kc8 51. Rg7 Rf5 52.
Rg8+ Kc7 53. Rg7+ Kc8 54. Kb3 Kb8 55. Kc4 Kc8 56. b5 Re5 57. Kb4 Rf5 58. Rg8+
Kc7 59. b6+ Kc6 60. Rg6+ Kd7 61. Rg7+ Kc6 62. Rc7+ Kd6 63. Rxb7 Rf4+ 64. Kb5
Rf5+ 65. Ka6 Rc5 66. Rg7 1-0

[Event "IX Floripa Chess Open Fort Atacadista"]
[Site "Florianópolis - Santa Catari"]
[Date "2023.01.26"]
[Round "5.66"]
[White "Mesquita, Guilherme"]
[Black "De Paula, Bruno Cesar Lima"]
[Result "1-0"]
[WhiteElo "2007"]
[BlackElo "1591"]
[PlyCount "55"]
[EventDate "2023.01.23"]
[EventRounds "10"]
[EventCountry "BRA"]

1. e4 e5 2. Nf3 f5 3. Nxe5 Qf6 4. d4 d6 5. Nc4 fxe4 6. Nc3 Qg6 7. f3 exf3 8.
Qxf3 Nf6 9. Bd3 Qg4 10. Qe3+ Qe6 11. O-O Qxe3+ 12. Bxe3 Be7 13. Rae1 O-O 14.
Bf4 Bd8 15. Nxd6 cxd6 16. Bxd6 Nc6 17. Bc4+ Kh8 18. Bxf8 Nxd4 19. Bc5 Nf5 20.
g4 b6 21. Ba3 b5 22. Bd5 Bb6+ 23. Kh1 Rb8 24. gxf5 h5 25. Bg2 Ng4 26. Bd6 Nf2+
27. Rxf2 Bxf2 28. Re8+ 1-0

[Event "IX Floripa Chess Open Fort Atacadista"]
[Site "Florianópolis - Santa Catari"]
[Date "2023.01.26"]
[Round "5.67"]
[White "Ribeiro, Davison Soares"]
[Black "Dauer, Andre Leonardo"]
[Result "1/2-1/2"]
[WhiteElo "1800"]
[BlackElo "1990"]
[PlyCount "43"]
[EventDate "2023.01.23"]
[EventRounds "10"]
[EventCountry "BRA"]

1. Nf3 d5 2. g3 Nf6 3. Bg2 e6 4. O-O c5 5. d4 Nc6 6. c4 Be7 7. Nc3 O-O 8. cxd5
exd5 9. dxc5 Bxc5 10. Bg5 d4 11. Bxf6 Qxf6 12. Ne4 Qe7 13. Nxc5 Qxc5 14. Rc1
Qb6 15. Qc2 g6 16. Nd2 Bf5 17. Qb3 Qa6 18. Qc4 Qa5 19. Nb3 Qxa2 20. Nxd4 Qxc4
21. Rxc4 Nxd4 22. Rxd4 1/2-1/2

[Event "IX Floripa Chess Open Fort Atacadista"]
[Site "Florianópolis - Santa Catari"]
[Date "2023.01.26"]
[Round "5.68"]
[White "Mariani, Daniel Brandao"]
[Black "Amarilla Ettiene, Ezequiel"]
[Result "1-0"]
[WhiteElo "1987"]
[BlackElo "1616"]
[PlyCount "57"]
[EventDate "2023.01.23"]
[EventRounds "10"]
[EventCountry "BRA"]

1. d4 Nf6 2. c4 g6 3. Nc3 Bg7 4. e4 O-O 5. f3 d6 6. Be3 e5 7. d5 c5 8. Qd2 Na6
9. Bd3 Nc7 10. Nge2 Rb8 11. a3 a5 12. Rb1 Bd7 13. b4 axb4 14. axb4 b6 15. O-O
Nfe8 16. Qb2 Na6 17. b5 Nb4 18. Qd2 f5 19. exf5 gxf5 20. Ra1 f4 21. Bf2 Qg5 22.
Ne4 Qg6 23. Nxc5 Nxd3 24. Nxd7 Nxf2 25. Nxf8 Qf5 26. Ne6 Bf6 27. Rxf2 e4 28.
fxe4 Qxe4 29. Rxf4 1-0

[Event "IX Floripa Chess Open Fort Atacadista"]
[Site "Florianópolis - Santa Catari"]
[Date "2023.01.26"]
[Round "5.69"]
[White "Moritz, Diego Homrich"]
[Black "Marra, Eduardo Da Costa"]
[Result "0-1"]
[WhiteElo "1854"]
[BlackElo "2275"]
[PlyCount "36"]
[EventDate "2023.01.23"]
[EventRounds "10"]
[EventCountry "BRA"]

1. e4 c5 2. Nf3 e6 3. d4 cxd4 4. Nxd4 Nf6 5. Nc3 Nc6 6. Ndb5 Bc5 7. Nd6+ Ke7 8.
Nxc8+ Rxc8 9. Bd3 Qc7 10. O-O h5 11. Bg5 Kf8 12. h3 Ng4 13. hxg4 hxg4 14. Re1
Qh2+ 15. Kf1 Nd4 16. Ne2 Nf3 17. Be3 Bxe3 18. fxe3 g3 0-1

[Event "IX Floripa Chess Open Fort Atacadista"]
[Site "Florianópolis - Santa Catari"]
[Date "2023.01.26"]
[Round "5.70"]
[White "Bitencourt, Evandro Jose Dos S"]
[Black "Cominato Neto, Jose Luis"]
[Result "0-1"]
[WhiteElo "1859"]
[BlackElo "2260"]
[PlyCount "80"]
[EventDate "2023.01.23"]
[EventRounds "10"]
[EventCountry "BRA"]

1. d4 Nf6 2. c4 e6 3. Nf3 Bb4+ 4. Nbd2 d6 5. a3 Bxd2+ 6. Qxd2 Nbd7 7. Qc2 b6 8.
e3 Bb7 9. Be2 O-O 10. b4 Be4 11. Qc3 c5 12. Bb2 d5 13. O-O Qe7 14. dxc5 bxc5
15. b5 Nb6 16. a4 Rfd8 17. a5 Nxc4 18. Bxc4 dxc4 19. Ne5 Qb7 20. Ng4 Ne8 21.
Nh6+ Kf8 22. Ba3 Rac8 23. Qe5 Qd5 24. Qxd5 exd5 25. Ng4 f6 26. f3 Bd3 27. Rfd1
Nd6 28. b6 axb6 29. axb6 Nb7 30. Nf2 Bg6 31. Rac1 Ra8 32. Bb2 Ra2 33. Bc3 Ra6
34. e4 d4 35. Be1 Bf7 36. Rb1 Rd6 37. Rb5 Be8 38. Rb2 Rdxb6 39. Rxb6 Rxb6 40.
Rc1 Na5 0-1

[Event "IX Floripa Chess Open Fort Atacadista"]
[Site "Florianópolis - Santa Catari"]
[Date "2023.01.26"]
[Round "5.71"]
[White "Aranha Filho, Alvaro Z."]
[Black "Moyses Sobrinho, Elias"]
[Result "1/2-1/2"]
[WhiteElo "2171"]
[BlackElo "1852"]
[PlyCount "25"]
[EventDate "2023.01.23"]
[EventRounds "10"]
[EventCountry "BRA"]

1. Nf3 Nf6 2. d4 d5 3. c4 c6 4. Qc2 g6 5. Bf4 Bg7 6. e3 Qa5+ 7. Nc3 O-O 8. Rc1
Nbd7 9. Be2 dxc4 10. Bxc4 Nb6 11. Be2 a6 12. Be5 Bf5 13. Qd2 1/2-1/2

[Event "IX Floripa Chess Open Fort Atacadista"]
[Site "Florianópolis - Santa Catari"]
[Date "2023.01.26"]
[Round "5.72"]
[White "Rodrigues, Nei Jorge"]
[Black "Pereira, Silvio Cunha"]
[Result "0-1"]
[WhiteElo "1845"]
[BlackElo "2159"]
[PlyCount "46"]
[EventDate "2023.01.23"]
[EventRounds "10"]
[EventCountry "BRA"]

1. Nf3 Nf6 2. g3 g6 3. Bg2 Bg7 4. O-O O-O 5. d4 d6 6. Nbd2 c5 7. c3 Nc6 8. e4
e5 9. d5 Ne7 10. b4 cxb4 11. cxb4 Ne8 12. Nc4 h6 13. Bb2 f5 14. Nfd2 f4 15. Qb3
Kh7 16. a4 g5 17. Rac1 g4 18. gxf4 Rxf4 19. f3 Ng6 20. Kh1 Qg5 21. Qe3 g3 22.
hxg3 Qxg3 23. Qf2 Rh4+ 0-1